Fundamentos de mercadotecnia (Registro nro. 2934)

Detalles MARC
000 -LEADER
fixed length control field 02551 a2200253 4500
001 - CONTROL NUMBER
control field 38958
005 - DATE AND TIME OF LATEST TRANSACTION
control field 20260407155649.0
008 - FIXED-LENGTH DATA ELEMENTS--GENERAL INFORMATION
fixed length control field 260407a1985 arg spa d
003 - CONTROL NUMBER IDENTIFIER
control field AR-UNSa-BCEJYS
040 ## - CATALOGING SOURCE
Original cataloging agency AR-UNSa-BCEJYS
Language of cataloging spa
Transcribing agency AR-UNSa-BCEJYS
080 ## - UNIVERSAL DECIMAL CLASSIFICATION NUMBER
Universal Decimal Classification number 658.8
Common auxiliary subdivision Organización de mercados. Marketing. Ventas. Distribución
100 1# - MAIN ENTRY--PERSONAL NAME
Personal name Stanton, William J.
245 10 - TITLE STATEMENT
Title Fundamentos de mercadotecnia
250 ## - EDITION STATEMENT
Edition statement 3a. ed.
264 #1 - PRODUCTION, PUBLICATION, DISTRIBUTION, MANUFACTURE, AND COPYRIGHT NOTICE
Place of production, publication, distribution, manufacture México :
Name of producer, publisher, distributor, manufacturer McGraw-Hill
Date of production, publication, distribution, manufacture, or copyright notice 1985
300 ## - PHYSICAL DESCRIPTION
Extent 779 p.
Dimensions 24 cm.
505 ## - FORMATTED CONTENTS NOTE
Formatted contents note Parte I: La mercadotecnia moderna: 1. El campo de la mercadotecnia - 2. El entorno de la mercadotecnia y la administración de la mercadotecnia - 3. Sistemas de información de mercadotecnia e investigación de mercados casos de la parte 1 - Parte II: Mercados meta: 4. Selección de mercados meta: aspectos demográficos y poder de compra - 5. Influencias culturales y del grupo social sobre el comportamiento del comprador y la clasificación de los bienes de consumo - 7. El mercado industrial casos de la parte 2 - Parte III: El producto : 8. Planeación y desarrollo del producto - 9. Estrategias de la mezcla del producto - 10. Marcas, empaques y otras carcterísticas del producto casos de la parte 3 - Parte IV: El precio: 11. Determinación del precio y sus objetivos - 12. Métodos básicos para la determinación de precios - 13. Estrategias y políticas para el establecimiento de precios casos parte 4 - Parte V: Distribución: 14. Mercado al detalle e instituciones de ventas al detalle - 15. Mercado al mayoreo y los intermediarios en las operaciones al mayoreo - 16. Canals de distribución: conflicto, cooperación y administración - 17. Administración de la distribución física casos de la parte 5 - Parte VI: Promoción: 18. El programa promocional - 19. Administración de la venta personal - 20. Administración de la publicidad y la promoción de ventas casos de la parte 6 - Parte VII: La mercadotecnia en campos especiales: 21. Mercadotecnia de servicios - 22. Mercadotecnia social en las organizaciones no lucrativas - 23. Mercadotecnia internacional casos de la parte 7 - Parte VIII: Planeación y evaluación del esfuerzo de mercadotecnia : 20. Planeación estratégica de mercadotecnia, predicción y evaluación - 25. Meracdotecnia: evaluación social y perspectivas.
590 ## - LOCAL NOTE (RLIN)
Local note niveau_biblio:m niveau_hierar:0
700 1# - ADDED ENTRY--PERSONAL NAME
Personal name Sánchez Pérez, Armando
700 1# - ADDED ENTRY--PERSONAL NAME
Personal name Pérez de las Heras, Leonel
700 1# - ADDED ENTRY--PERSONAL NAME
Personal name Benassini Félix, Marcela
700 1# - ADDED ENTRY--PERSONAL NAME
Personal name Moreno González, Gerardo
942 ## - ADDED ENTRY ELEMENTS (KOHA)
Koha item type
Existencias
Withdrawn status Lost status Damaged status Not for loan Home library Current library Shelving location Date acquired Total checkouts Full call number Barcode Date last seen Price effective from Koha item type
        Biblioteca Prof. Eusebio Cleto del Rey Biblioteca Prof. Eusebio Cleto del Rey   07/04/2026   658.8 S792 3ed. L45137 07/04/2026 07/04/2026 Libro
        Biblioteca Prof. Eusebio Cleto del Rey Biblioteca Prof. Eusebio Cleto del Rey   07/04/2026   658.8 S792 3ed. L45138 07/04/2026 07/04/2026 Libro